Catholic University of Zimbabwe Library
Online Public Access Catalogue
(OPAC)

Cognitive self change : (Record no. 15178)

MARC details
000 -LEADER
fixed length control field 01954cam a2200397 i 4500
001 - CONTROL NUMBER
control field 19038193
003 - CONTROL NUMBER IDENTIFIER
control field OSt
005 - DATE AND TIME OF LATEST TRANSACTION
control field 20191105094956.0
008 - FIXED-LENGTH DATA ELEMENTS--GENERAL INFORMATION
fixed length control field 160331s2016 enk b 001 0 eng
010 ## - LIBRARY OF CONGRESS CONTROL NUMBER
LC control number 2016014404
020 ## - INTERNATIONAL STANDARD BOOK NUMBER
International Standard Book Number 9780470974827 (hardback)
020 ## - INTERNATIONAL STANDARD BOOK NUMBER
International Standard Book Number 9780470974810 (paper)
040 ## - CATALOGING SOURCE
Original cataloging agency DLC
Language of cataloging eng
Transcribing agency DLC
Description conventions rda
Modifying agency DLC
042 ## - AUTHENTICATION CODE
Authentication code pcc
050 00 - LIBRARY OF CONGRESS CALL NUMBER
Classification number BF697
Item number .C554 2016
082 00 - DEWEY DECIMAL CLASSIFICATION NUMBER
Classification number 364.3
Edition number 23
084 ## - OTHER CLASSIFICATION NUMBER
Classification number PSY014000
Number source bisacsh
245 00 - TITLE STATEMENT
Title Cognitive self change :
Remainder of title how offenders experience the world and what we can do about it /
Statement of responsibility, etc. Jack Bush, Daryl M. Harris, and Richard J. Parker.
264 #1 - PRODUCTION, PUBLICATION, DISTRIBUTION, MANUFACTURE, AND COPYRIGHT NOTICE
Name of producer, publisher, distributor, manufacturer Wiley-Blackwell,
300 ## - PHYSICAL DESCRIPTION
Extent x, 189 pages ;
Dimensions 25 cm
504 ## - BIBLIOGRAPHY, ETC. NOTE
Bibliography, etc. note Includes bibliographical references (pages 175-182) and index.
520 ## - SUMMARY, ETC.
Summary, etc. "This book draws on the latest literature to highlight a fundamental challenge in offender rehabilitation; it questions the ability of contemporary approaches to address this challenge, and proposes an alternative strategy of criminal justice that integrates control, opportunity, and autonomy"--
Assigning source Provided by publisher.
650 #0 - SUBJECT ADDED ENTRY--TOPICAL TERM
Topical term or geographic name entry element Self psychology.
650 #0 - SUBJECT ADDED ENTRY--TOPICAL TERM
Topical term or geographic name entry element Self-disclosure.
650 #0 - SUBJECT ADDED ENTRY--TOPICAL TERM
Topical term or geographic name entry element Forensic psychology.
650 #0 - SUBJECT ADDED ENTRY--TOPICAL TERM
Topical term or geographic name entry element Criminals
General subdivision Rehabilitation.
650 #7 - SUBJECT ADDED ENTRY--TOPICAL TERM
Topical term or geographic name entry element PSYCHOLOGY / Forensic Psychology.
Source of heading or term bisacsh
700 1# - ADDED ENTRY--PERSONAL NAME
Personal name Bush, Jack,
Dates associated with a name 1938-
Relator term editor.
700 1# - ADDED ENTRY--PERSONAL NAME
Personal name Harris, Daryl,
Dates associated with a name 1968-
Relator term editor.
700 1# - ADDED ENTRY--PERSONAL NAME
Personal name Parker, Richard,
Dates associated with a name 1959-
Relator term editor.
776 08 - ADDITIONAL PHYSICAL FORM ENTRY
Relationship information Online version:
Title Cognitive self change
Place, publisher, and date of publication Hoboken : Wiley-Blackwell, 2016
International Standard Book Number 9781119121428
Record control number (DLC) 2016019189
906 ## - LOCAL DATA ELEMENT F, LDF (RLIN)
a 7
b cbc
c orignew
d 1
e ecip
f 20
g y-gencatlg
942 ## - ADDED ENTRY ELEMENTS (KOHA)
Source of classification or shelving scheme
Koha item type OS Book
Classification part BF697.C554
Holdings
Withdrawn status Lost status Source of classification or shelving scheme Damaged status Not for loan Home library Current library Shelving location Date acquired Source of acquisition Cost, normal purchase price Inventory number Total Checkouts Full call number Barcode Date last seen Copy number Cost, replacement price Price effective from Koha item type
          CUZ Harare Campus CUZ Harare Campus Open Shelf 05.11.2019 Donation 20.00 CU13928   BF697.C554 BK008526 22.05.2025 1 2019.00 05.11.2019 OS Book
          CUZ Harare Campus CUZ Harare Campus Open Shelf 05.11.2019 Donation 20.00 CU13927   BF697.C554 BK008533 22.05.2025 2 20.00 05.11.2019 OS Book

OPENING HOURS

Weekdays: 0815hrs - 1800hrs
Weekends:0900hrs - 1200hrs

Closed for Mass:

Mon, Thur: 1200hrs - 1300hrs
Sunday & Public Holiday’s

CALL SUPPORT

0242-570570, 0242-570169
09200664, +263 8644140602

LOCATION

18443, Cranborne Avenue, Hatfield, Harare

Other Links


©2021 | CUZ Library